00879cam a2200217 a 450000100100000000500170001000800410002703500190006804000350008708200140012210000410013624500820017726001160025930000200037560000370039565000570043291000280048904900090051795201180052699900170064400001826920200929165429.0790122s1978 ve s000 0 spa  a(DLC) 78109939 aDO-SdBNPbspacDLCdDLCdBNPHU aNNbB198t1 aBalza Donatti, Camilo,d1927-93956613aEl tránsito atormentado de Elías Sánchez Rubio /cCamilo Balza Donatii. a[Maracaibo] :bGobernación del Estado Zulia ;bInstituto Zuliano de la Cultura Andrés Eloy Blanco,c[1978]. a71 p. ;c23 cm.20aSánchez Rubio, Elías.939567 0aAuthors, venezuelany20th centuryxBiography.939568 aCatalogación derivada aBNGR 001054708MOaGRbGRcCTd2010-04-22iLF1l0oNN B198tp18269-10r2020-06-25w2020-06-25y4ZPréstamo en sala c17790d17790